Score 0/30 Timer 03:00
11 Plays Today
Question Answer % Correct
Which car manufacturer makes the Civic, Accord, and the CRV?Honda
94.8%
What is the name of Homer Simpson's son?Bart Simpson
91.7%
What is the cube root of 27?3
89.1%
What movie had the tagline 'Who you gonna call?'Ghostbusters
88.3%
What unit of currency is used in the United Kingdom?Pound Sterling
87.8%
Who did Bill Clinton succeed as President of the USA?George H. W. Bush
85.7%
Which famous detective lived at 221B Baker Street?Sherlock Holmes
84.5%
What is the name of Jennifer Aniston's character in the TV show 'Friends'?Rachel Green
84.1%
What actor portrayed Jason Bourne in ‘The Bourne Identity’?Matt Damon
83.7%
The country Brunei is found on which continent? Asia
82%
Which is the only country in the world to begin with the letter Q?Qatar
80%
Tony Stark is the secret identity of which Marvel super hero?Iron Man
78.9%
Bengal, Sumatran, and Siberian are subspecies of what animal?Tiger
76.9%
The movie 'Walk the Line' is about which singer?Johnny Cash
75.7%
King Boo, Wart, Bowser are villains in what video game series?Super Mario Bros.
72.5%
Question Answer % Correct
In the movie 'Finding Nemo', what kind of fish was Nemo?Clownfish
72%
Which city is the capital city of Poland?Warsaw
69.5%
'The Dark Knight' is the sequel to which 2005 movie?Batman Begins
63.1%
'The Bronx Bombers' is a common nickname for which MLB team?New York Yankees
62.4%
Which chemical element has the symbol Pb? Lead
59.5%
John Cleese, Eric Idle, and Terry Gilliam are founding members of what comedy troupe?Monty Python's Flying Circus
58.1%
In Greek mythology, who was the goddess of love and beauty?Aphrodite
56.1%
Lansing is the capital city of which US State?Michigan
51.7%
Which band sang the 1980s hit song 'Take On Me'?A-ha
49.4%
What is the second book of the Hebrew Bible? Exodus
47.5%
Which author wrote the novel 'The Great Gatsby'?F. Scott Fitzgerald
47.2%
If you were born on March 10th, what is your astrological sign?Pisces
46.6%
What does the L stand for in the acronym HTML? Language
44.8%
Who wrote the novels which introduced the characters Hercule Poirot & Miss Marple?Agatha Christie
42.1%
On what river can you find these European capitals: Vienna, Budapest and Belgrade?Danube
39.5%
Remove Ads.
Support Sporcle.
Get the best of Sporcle when you Go Orange. This ad-free experience offers more features, more stats, and more fun while also helping to support Sporcle. Thank you for becoming a member.

You're not logged in!

Compare scores with friends on all Sporcle quizzes.
OR
Log In

Show Comments

Extras

Top Quizzes Today


Score Distribution

Your Account Isn't Verified!

In order to create a playlist on Sporcle, you need to verify the email address you used during registration. Go to your Sporcle Settings to finish the process.

Report this User

Report this user for behavior that violates our Community Guidelines.

Details: